Welcome to CU Library Online Public Access Catalogue (OPAC)

Marketing: (Record no. 6478)

MARC details
000 -LEADER
fixed length control field 00547nam a22001817a 4500
005 - DATE AND TIME OF LATEST TRANSACTION
control field 20250614131439.0
008 - FIXED-LENGTH DATA ELEMENTS--GENERAL INFORMATION
fixed length control field 250614b |||||||| |||| 00| 0 eng d
020 ## - INTERNATIONAL STANDARD BOOK NUMBER
International Standard Book Number 9780256174748
050 ## - LIBRARY OF CONGRESS CALL NUMBER
Classification number HF5415.5 CHU
100 ## - MAIN ENTRY--PERSONAL NAME
Personal name Roxas Juanita
245 ## - TITLE STATEMENT
Title Marketing:
Remainder of title Creating Value for Customers/
Statement of responsibility, etc. Juanita Roxas, Gilbert A. Churchill Jr. & J. Paul Peter
260 ## - PUBLICATION, DISTRIBUTION, ETC.
Place of publication, distribution, etc. Chicago
Name of publisher, distributor, etc. Austen Press/Irwin
Date of publication, distribution, etc. 1995
300 ## - PHYSICAL DESCRIPTION
Extent vi. 294p.
Dimensions 26 cm
650 ## - SUBJECT ADDED ENTRY--TOPICAL TERM
Source of heading or term Marketing
700 ## - ADDED ENTRY--PERSONAL NAME
Personal name Churchill Gilbert A. Jr.
700 ## - ADDED ENTRY--PERSONAL NAME
Personal name Peter J. Paul
942 ## - ADDED ENTRY ELEMENTS (KOHA)
Source of classification or shelving scheme Library of Congress Classification
Koha item type Books
Suppress in OPAC No
999 ## -
-- 6478
-- 6478
Holdings
Withdrawn status Lost status Source of classification or shelving scheme Damaged status Not for loan Collection Home library Current library Shelving location Date acquired Total checkouts Full call number Barcode Date last seen Copy number Price effective from Koha item type
    Library of Congress Classification     Non-fiction Business Library (Miotso) Business Library (Miotso) General stacks 06/14/2025   HF5415.5 CHU BSSM00002176 06/14/2025 1 06/14/2025 Books
    Library of Congress Classification     Non-fiction Business Library (Miotso) Business Library (Miotso) General stacks 06/14/2025   HF5415.5 CHU BSSM00002177 06/14/2025 2 06/14/2025 Books
© 2023-2024 Copyright: Central University Libraries. All Rights Reserved | Created by: Mahone Tech Office